| 000 | 00332nam a2200109Ia 4500 | ||
|---|---|---|---|
| 008 | 171211s9999 xx 000 0 und d | ||
| 245 | _aAmmonius and the Seabattle: Texts, Commentary, and Essays | ||
| 245 | _cChristine Elizabeth Yoder | ||
| 260 | _c2000 | ||
| 650 | _xRELIGION | ||
| 856 | _uhttp://down.ebook777.com/063/3110168790.pdf | ||
| 999 |
_c350557 _d350557 |
||